Environmental studies on Wadi Elrayan , Elfayoum Governorate / (رقم التسجيلة. 38662)

تفاصيل مارك
000 -LEADER
fixed length control field 01147cam a2200289 a 4500
003 - CONTROL NUMBER IDENTIFIER
control field EG-GiCUC
005 - DATE AND TIME OF LATEST TRANSACTION
control field 20250223030627.0
008 - FIXED-LENGTH DATA ELEMENTS--GENERAL INFORMATION
fixed length control field 120527s2002 ua do f m 000 0 eng d
040 ## - CATALOGING SOURCE
Original cataloging agency EG-GiCUC
Language of cataloging eng
Transcribing agency EG-GiCUC
041 0# - LANGUAGE CODE
Language code of text/sound track or separate title eng
049 ## - LOCAL HOLDINGS (OCLC)
Holding library Gift
097 ## - Thesis Degree
Thesis Level M.Sc
099 ## - LOCAL FREE-TEXT CALL NUMBER (OCLC)
Classification number Cai01.34.M.Sc.2002.We.E
100 0# - MAIN ENTRY--PERSONAL NAME
Personal name Wed Abdellatif Ibrahim Abdou
245 10 - TITLE STATEMENT
Title Environmental studies on Wadi Elrayan , Elfayoum Governorate /
Statement of responsibility, etc. Wed Abdellatif Ibrahim Abdou ; Supervised Mamdouh Salem Serag , Mohamed Abdelgalil Ahmed
246 15 - VARYING FORM OF TITLE
Title proper/short title دراسات بيئية على وادى الريان : محافظة الفيوم
260 ## - PUBLICATION, DISTRIBUTION, ETC.
Place of publication, distribution, etc. Damietta :
Name of publisher, distributor, etc. Wed Abdellatif Ibrahim Abdou ,
Date of publication, distribution, etc. 2002
300 ## - PHYSICAL DESCRIPTION
Extent 174Leaves :
Other physical details charst , photographs ;
Dimensions 30cm
500 ## - GENERAL NOTE
General note Gift from Prof. Kamal Hassan Batanouny
502 ## - DISSERTATION NOTE
Dissertation note Thesis (M.Sc.) - Mansoura University - Faculty of Science - Department of Environmental Sciences
700 0# - ADDED ENTRY--PERSONAL NAME
Personal name Mamdouh Salem Serag ,
Relator term
700 0# - ADDED ENTRY--PERSONAL NAME
Personal name Mohamed Abdelgalil Ahmed ,
Relator term
856 ## - ELECTRONIC LOCATION AND ACCESS
Uniform Resource Identifier <a href="http://172.23.153.220/th.pdf">http://172.23.153.220/th.pdf</a>
905 ## - LOCAL DATA ELEMENT E, LDE (RLIN)
Cataloger Fatma
Reviser Cataloger
905 ## - LOCAL DATA ELEMENT E, LDE (RLIN)
Cataloger Nazla
Reviser Revisor
942 ## - ADDED ENTRY ELEMENTS (KOHA)
Source of classification or shelving scheme Dewey Decimal Classification
Koha item type Thesis
المقتنيات
Source of classification or shelving scheme Not for loan Home library Current library Date acquired Full call number Barcode Date last seen Koha item type
Dewey Decimal Classification   المكتبة المركزبة الجديدة - جامعة القاهرة قاعة المكتبات المهداة - الدور الرابع 11.02.2024 Cai01.34.M.Sc.2002.We.E 01010110048957000 23.06.2024 Thesis
Cairo University Libraries Portal Implemented & Customized by: Eng. M. Mohamady Contacts: new-lib@cl.cu.edu.eg | cnul@cl.cu.edu.eg
CUCL logo CNUL logo
© All rights reserved — Cairo University Libraries
CUCL logo
Implemented & Customized by: Eng. M. Mohamady Contact: new-lib@cl.cu.edu.eg © All rights reserved — New Central Library
CNUL logo
Implemented & Customized by: Eng. M. Mohamady Contact: cnul@cl.cu.edu.eg © All rights reserved — Cairo National University Library